| 000 | 00658cam a22002293a 4500 | ||
|---|---|---|---|
| 001 | 40017 | ||
| 003 | PGUSA | ||
| 005 | 20140828083906.0 | ||
| 008 | 120617s2012||||xxu|||||s|||||000 1 eng d | ||
| 040 |
_aPGUSA _beng |
||
| 042 | _adc | ||
| 050 | 4 | _aPS | |
| 100 | 1 |
_aWhite, Samuel Alexander, _d1885-1956 |
|
| 245 | 1 | 4 |
_aThe Stampeder _h[electronic resource] / _cSamuel Alexander White |
| 260 |
_bProject Gutenberg, _c2012 |
||
| 506 | _aPublic domain in the USA. | ||
| 516 | _aElectronic text | ||
| 653 | _aGold mines and mining -- Yukon -- Fiction | ||
| 830 | 0 |
_aProject Gutenberg _v40017 |
|
| 856 | 4 | 0 | _uhttp://www.gutenberg.org/ebooks/40017 |
| 942 | _cEB | ||
| 999 |
_c269270 _d269270 |
||